Hindi ka saral shabdanushasan sidhanta aar prayog/ (Record no. 165079)

000 -LEADER
fixed length control field 00314nam a22001097a 4500
082 ## - DEWEY DECIMAL CLASSIFICATION NUMBER
Classification number
Item number
100 ## - MAIN ENTRY--PERSONAL NAME
Personal name Devandra Prasad Shingh
245 ## - TITLE STATEMENT
Title Hindi ka saral shabdanushasan sidhanta aar prayog/
Statement of responsibility, etc. by Devandra Prasad Shingh.
260 ## - PUBLICATION, DISTRIBUTION, ETC.
Place of publication, distribution, etc. New Delhi:
Name of publisher, distributor, etc. Bharathiya Vidya Prakashan,
Date of publication, distribution, etc. 2006.
650 ## - SUBJECT ADDED ENTRY--TOPICAL TERM
Topical term or geographic name entry element
942 ## - ADDED ENTRY ELEMENTS (KOHA)
Koha item type Book
Holdings
Withdrawn status Lost status Damaged status Not for loan Permanent Location Current Location Shelving location Date acquired Cost, normal purchase price Total Checkouts Barcode Date last seen Price effective from Koha item type
        RC Thiruvananthapuram RC Thiruvananthapuram   01.11.2018 395.00   TV013820 01.11.2018 01.11.2018 Book